000 00808nmc a2200277 a 4500
003 AR-BaBNM
005 20251128211416.0
008 244020s1999 ||||||||||||||000 | spa||
020 _a987-97515-0-7
040 _cAR-BaBNM
100 1 _aCampione, Daniel
245 1 0 _aEstado y administración pública en la Argentina
_banálisis de su desarrollo en el período 1880-1916
260 _aBuenos Aires
_bFundación de Investigaciones Sociales y Políticas
_c1999
300 _a128 p.
490 0 _aEnsayos históricos
650 4 _aGENERACION DE 1880
650 4 _aHISTORIA DE LAS IDEAS
650 4 _aESTADO
650 4 _aHISTORIA POLITICA
650 4 _aIDEOLOGIAS
650 4 _aADMINISTRACION PUBLICA
651 4 _aArgentina
700 1 _aMazzeo, Miguel
942 _cBK
998 _cMariana
999 _c19567
_d19567